00618nam a2200145 i 4500001000700000003000900007005001700016008004100033040002000074100003700094245015700131260006300288300002100351852010000372157607ES-MaACL20240530062942.0011122s1878 sp |||| | spa d aEXT bspa cEXT1 aLetamendi, José de,d1828-189710aDiscurso inagural del curso académico de 1878 á 1879 pronunciado ante el Claustro de la Universidad de Barcelona, por el Dr. D. José de Letamendi. aBarcelona : b[s.n.], c1878 (fimprenta de Jaime Jepús) a40 p. ; c28 cm. aES-MaACLjT-236-F-2 z-- Enc. hol. q-- Falto de la cub. original z-- Enc. en un vol. facticio